[Event "ICS rated blitz match"]
[Site "204.178.125.65"]
[Date "2000.09.24"]
[Round "?"]
[White "Nothing"]
[Black "Hossa"]
[Result "0-1"]
[WhiteElo "1997"]
[BlackElo "2609"]
[PlyCount "62"]
[EventDate "2000.??.??"]

1. e4 e5 2. d4 exd4 3. c3 dxc3 4. Nxc3 Nc6 5. Nf3 d6 6. Bc4 Nf6 7. Qb3 Qd7 8.
Ng5 Ne5 9. Bb5 c6 10. f4 cxb5 11. fxe5 dxe5 12. Be3 a5 13. Qxb5 Ng4 14. Bb6 Ra6
15. Qxd7+ Bxd7 16. Nd5 Bb4+ 17. Ke2 O-O 18. h3 Nf6 19. Be3 Nxd5 20. exd5 Rd8
21. Rhd1 Rf6 22. a4 Rc8 23. Rdc1 Rxc1 24. Rxc1 Rd6 25. Ne4 Rxd5 26. Rc7 f6 27.
b3 Bc6 28. Bd2 Rd4 29. Nc3 Bxg2 30. Be3 Rh4 31. Nb5 Rxh3 {Nothing resigns} 0-1

[Event "ICS rated blitz match"]
[Site "204.178.125.65"]
[Date "2000.09.24"]
[Round "?"]
[White "Hossa"]
[Black "Nothing"]
[Result "1-0"]
[WhiteElo "2610"]
[BlackElo "1996"]
[PlyCount "37"]
[EventDate "2000.??.??"]

1. c4 d6 2. Nc3 Nf6 3. d4 g6 4. e4 Bg7 5. Nf3 O-O 6. Be2 e5 7. dxe5 dxe5 8.
Qxd8 Rxd8 9. Bg5 c6 10. Nxe5 Re8 11. O-O-O Nxe4 12. Nxe4 Bxe5 13. Rhe1 Be6 14.
f4 Bf5 15. Bd3 Bxe4 16. Rxe4 f6 17. Bxf6 Bxf6 18. Rxe8+ Kf7 19. Rc8 {
Nothing resigns} 1-0

[Event "ICS rated blitz match"]
[Site "204.178.125.65"]
[Date "2000.09.24"]
[Round "?"]
[White "matemastr"]
[Black "Hossa"]
[Result "1-0"]
[WhiteElo "2770"]
[BlackElo "2613"]
[PlyCount "69"]
[EventDate "2000.??.??"]

1. Nf3 d5 2. d4 c6 3. Bg5 f6 4. Bd2 e6 5. Bc3 Bd6 6. Nbd2 Ne7 7. e4 b5 8. a3
Ng6 9. e5 Bc7 10. h4 fxe5 11. h5 exd4 12. Bxd4 e5 13. hxg6 exd4 14. gxh7 Bg4
15. Qe2+ Kd7 16. Ne5+ Bxe5 17. Qxg4+ Kc7 18. Nf3 Qf6 19. O-O-O Bf4+ 20. Kb1 Bh6
21. Bd3 Nd7 22. Nxd4 Nf8 23. Rh3 Re8 24. Rdh1 Qxf2 25. Rf3 Qd2 26. Rf7+ Kb6 27.
Nb3 Re1+ 28. Ka2 Qf4 29. Rxf4 Rxh1 30. Rf7 Ne6 31. Qb4 Bd2 32. Qe7 Ra1+ 33.
Kxa1 Nc7 34. Qxc7+ Ka6 35. Qxc6# {Hossa checkmated} 1-0

[Event "ICS rated blitz match"]
[Site "204.178.125.65"]
[Date "2000.09.24"]
[Round "?"]
[White "Hossa"]
[Black "I-Labib"]
[Result "1/2-1/2"]
[WhiteElo "2604"]
[BlackElo "2031"]
[PlyCount "49"]
[EventDate "2000.??.??"]

1. d4 Nf6 2. Nf3 g6 3. c4 Bg7 4. Nc3 d5 5. cxd5 Nxd5 6. e4 Nxc3 7. bxc3 O-O 8.
Be2 c5 9. O-O cxd4 10. cxd4 Nc6 11. Be3 Bg4 12. Rb1 Bxf3 13. Bxf3 Bxd4 14. Bh6
Bg7 15. Bxg7 Kxg7 16. Rxb7 e5 17. Qa4 Nd4 18. Rxa7 Nxf3+ 19. gxf3 Qg5+ 20. Kh1
Qf4 21. Rxa8 Qxf3+ 22. Kg1 Qg4+ 23. Kh1 Qf3+ 24. Kg1 Qg4+ 25. Kh1 {
Game drawn by mutual agreement} 1/2-1/2

[Event "ICS rated blitz match"]
[Site "204.178.125.65"]
[Date "2000.09.24"]
[Round "?"]
[White "grobdigger"]
[Black "Hossa"]
[Result "0-1"]
[WhiteElo "2062"]
[BlackElo "2589"]
[PlyCount "60"]
[EventDate "2000.??.??"]

1. g4 d5 2. h3 e5 3. Bg2 Bc5 4. d3 Ne7 5. Nc3 Be6 6. e4 d4 7. Nce2 Ng6 8. Ng3
Bb4+ 9. Kf1 c5 10. a3 Ba5 11. Nf5 O-O 12. Nf3 c4 13. h4 f6 14. Bh3 cxd3 15.
cxd3 Bb6 16. g5 Kh8 17. h5 Nf4 18. Bxf4 exf4 19. gxf6 Qxf6 20. Ke2 Nc6 21. Qd2
Rae8 22. Kf1 Ne7 23. N3h4 f3 24. Rg1 Nxf5 25. Nxf5 Bc7 26. Qg5 Qe5 27. Rc1 Bd8
28. Qg3 Bxf5 29. Qxe5 Bxh3+ 30. Ke1 Rxe5 {grobdigger resigns} 0-1

[Event "ICS rated blitz match"]
[Site "204.178.125.65"]
[Date "2000.09.24"]
[Round "?"]
[White "I-Labib"]
[Black "Hossa"]
[Result "0-1"]
[WhiteElo "2016"]
[BlackElo "2590"]
[PlyCount "62"]
[EventDate "2000.??.??"]

1. e4 e5 2. Nf3 Nc6 3. Bb5 a6 4. Bxc6 dxc6 5. O-O f6 6. d4 exd4 7. Nxd4 c5 8.
Nb3 Qxd1 9. Rxd1 Bg4 10. f3 Be6 11. Nc3 Bd6 12. Be3 b6 13. a4 O-O-O 14. a5 Kb7
15. axb6 cxb6 16. Na4 Bxb3 17. cxb3 Bc7 18. Nc3 Ne7 19. Kf2 Nc6 20. Nd5 Be5 21.
Rd2 Rhe8 22. Rad1 Bd4 23. Bxd4 cxd4 24. Nf4 Rd6 25. Nd5 f5 26. Re1 Rde6 27. Nf4
Re5 28. Nd3 fxe4 29. fxe4 Rxe4 30. Rxe4 Rxe4 31. g3 Na5 {I-Labib resigns} 0-1

[Event "ICS rated blitz match"]
[Site "204.178.125.65"]
[Date "2000.09.24"]
[Round "?"]
[White "Hossa"]
[Black "Valg"]
[Result "1/2-1/2"]
[WhiteElo "2591"]
[BlackElo "2439"]
[PlyCount "111"]
[EventDate "2000.??.??"]

1. e4 c5 2. Nf3 Nc6 3. d4 cxd4 4. Nxd4 g6 5. c4 Bg7 6. Be3 Nf6 7. Nc3 Ng4 8.
Qxg4 Nxd4 9. Qd1 Ne6 10. Rc1 Qa5 11. Bd2 a6 12. Nd5 Qxa2 13. Rb1 d6 14. Bb4 O-O
15. Ba3 Nc5 16. Nxe7+ Kh8 17. f3 Be6 18. Nd5 Bxd5 19. cxd5 Rac8 20. Be2 f5 21.
O-O Kg8 22. e5 Bxe5 23. f4 Bg7 24. Re1 Rfe8 25. Kh1 Re4 26. Ra1 Qb3 27. Rc1
Qxd1 28. Rcxd1 Rxf4 29. Rc1 a5 30. g3 Rf2 31. b3 b6 32. Rc2 f4 33. gxf4 Rxf4
34. Rg1 Rcf8 35. Bc4 Ne4 36. Rb1 Nf2+ 37. Rxf2 Rxf2 38. Bxd6 R8f5 39. Bg3 Rd2
40. d6+ Kf8 41. Be6 Rf3 42. d7 Ke7 43. Bg4 Rf5 44. Bxf5 gxf5 45. Rf1 Kxd7 46.
Rxf5 Ke7 47. Bc7 Bd4 48. Rh5 Ke6 49. Rxh7 Rd1+ 50. Kg2 Rd2+ 51. Kh1 Kf5 52. Rh6
Rd1+ 53. Kg2 Rd2+ 54. Kh1 Kg4 55. Rg6+ Kf5 56. Rh6 {Game drawn by repetition}
1/2-1/2

[Event "ICS Rated standard match"]
[Site "204.178.125.65"]
[Date "2000.09.24"]
[Round "?"]
[White "escadra"]
[Black "Hossa"]
[Result "0-1"]
[WhiteElo "2072"]
[BlackElo "2378"]
[PlyCount "62"]
[EventDate "2000.??.??"]

1. d4 d5 2. c4 c6 3. Nc3 Nf6 4. Nf3 e6 5. e3 Nbd7 6. Bd3 dxc4 7. Bxc4 Nb6 8.
Bb3 Bb4 9. O-O Nbd7 10. a3 Ba5 11. Qe2 O-O 12. Bc2 Re8 13. b4 Bc7 14. Rd1 Qe7
15. b5 c5 16. a4 e5 17. dxc5 e4 18. Nd4 Qe5 19. g3 Nxc5 20. Qc4 Bg4 21. Re1 Ba5
22. Bd2 Rec8 23. Qa2 Nd3 24. Bxd3 exd3 25. Rac1 Bb6 26. a5 Bxd4 27. exd4 Qxd4
28. Qa4 Qxa4 29. Nxa4 Rc2 30. Rxc2 dxc2 31. Kg2 Rd8 {escadra resigns} 0-1

[Event "ICS rated blitz match"]
[Site "204.178.125.65"]
[Date "2000.09.24"]
[Round "?"]
[White "Hossa"]
[Black "jonfrankle"]
[Result "1-0"]
[WhiteElo "2584"]
[BlackElo "2111"]
[PlyCount "113"]
[EventDate "2000.??.??"]

1. e4 c5 2. Nf3 Nc6 3. d4 cxd4 4. Nxd4 g6 5. Nc3 Bg7 6. Be3 Nf6 7. Bc4 O-O 8.
Bb3 d6 9. f3 Bd7 10. Nxc6 bxc6 11. O-O Be6 12. Bxe6 fxe6 13. Qd3 Qd7 14. Qd2
Rab8 15. b3 Rf7 16. Bh6 Bh8 17. Rad1 Qb7 18. Rf2 Qb4 19. Qe3 Qb6 20. Ne2 Qxe3
21. Bxe3 c5 22. Nf4 e5 23. Ne6 Bg7 24. Kf1 Nd7 25. Bd2 Rf6 26. Nc7 Nb6 27. Bg5
Rf7 28. a3 h6 29. Be3 Kh7 30. a4 h5 31. Ne6 Bh6 32. Bxh6 Kxh6 33. a5 Nd7 34. h4
Rc8 35. Ng5 Rff8 36. Rb1 Rb8 37. Ke2 Rf4 38. g3 Rff8 39. Kd3 Rb5 40. Ra1 Rb4
41. a6 Rc8 42. Kc3 Rc6 43. f4 exf4 44. Rxf4 Nf6 45. Kd3 c4+ 46. Kc3 Rbb6 47. b4
Rb5 48. Rff1 Rcb6 49. Ra4 Rc6 50. Rf4 Rc7 51. Rf2 Rc8 52. Rxf6 exf6 53. Nf7+
Kg7 54. Nxd6 Rbb8 55. Nxc8 Rxc8 56. b5 Rc5 57. b6 {jonfrankle resigns} 1-0

[Event "ICS Rated blitz match"]
[Site "204.178.125.65"]
[Date "2000.09.24"]
[Round "?"]
[White "jonfrankle"]
[Black "Hossa"]
[Result "0-1"]
[WhiteElo "2109"]
[BlackElo "2586"]
[PlyCount "50"]
[EventDate "2000.??.??"]

1. e4 e5 2. Bc4 Nf6 3. Nc3 Nc6 4. f4 Nxe4 5. Nf3 Nxc3 6. dxc3 Qe7 7. b4 exf4+
8. Kf2 Qf6 9. Re1+ Be7 10. Qe2 O-O 11. Bd2 a5 12. a3 axb4 13. cxb4 Bxb4 14.
axb4 Rxa1 15. Rxa1 Qxa1 16. c3 d6 17. Ng5 Ne5 18. Qe4 Ng4+ 19. Ke2 Nf6 20. Qxf4
Qg1 21. Qg3 Re8+ 22. Be3 Bg4+ 23. Kd3 Qb1+ 24. Kd4 Re4+ 25. Nxe4 Qxe4# {
jonfrankle checkmated} 0-1

[Event "ICS rated blitz match"]
[Site "204.178.125.65"]
[Date "2000.09.24"]
[Round "?"]
[White "Hossa"]
[Black "Amy"]
[Result "0-1"]
[WhiteElo "2588"]
[BlackElo "2739"]
[Annotator "Fritz 6 (30s)"]
[PlyCount "60"]
[EventDate "2000.??.??"]

1. e4 {B97: Sizilianisch (Najdorf-Variante)} 1... c5 2. Nf3 d6 3. d4 cxd4 4.
Nxd4 Nf6 5. Nc3 a6 6. Bg5 e6 7. f4 Qb6 8. Qd2 Qxb2 9. Rb1 Qa3 10. Be2 Be7 11.
O-O h6 12. Bh4 Nbd7 13. f5 e5 14. Ne6 fxe6 15. fxe6 Nc5 16. Bh5+ (16. Rxf6 gxf6
17. Bxf6 Bxf6 18. Qxd6 h5 19. Nd5 Bxe6 20. Nxf6+ Kf7 21. Nd5 Kg8 22. Bc4 Re8
23. Ne7+ $18) 16... Kf8 17. Bg4 Rb8 18. Bxf6 gxf6 19. Rxf6+ Bxf6 20. Qxd6+ Kg7
21. Qxb8 Bxe6 22. Qc7+ Bf7 23. Nd5 Nxe4 24. Rf1 Qa4 25. Be6 (25. Ne3 {
bietet noch letzte Rettungschancen} 25... Qd4 26. Rf3 $19) 25... Qd4+ 26. Ne3
Qxe3+ 27. Kh1 Nf2+ 28. Kg1 Nh3+ 29. Kh1 Qg1+ 30. Rxg1 Nf2# 0-1

[Event "ICS rated blitz match"]
[Site "204.178.125.65"]
[Date "2000.09.24"]
[Round "?"]
[White "Amy"]
[Black "Hossa"]
[Result "1-0"]
[WhiteElo "2748"]
[BlackElo "2579"]
[PlyCount "141"]
[EventDate "2000.??.??"]

1. d4 Nf6 2. c4 c5 3. d5 b5 4. cxb5 a6 5. bxa6 Bxa6 6. Nc3 d6 7. Nf3 g6 8. e4
Bxf1 9. Kxf1 Nbd7 10. g3 Bg7 11. Kg2 O-O 12. Re1 Ng4 13. Re2 Qc7 14. Bf4 Rab8
15. Rc1 Rb7 16. Kg1 Rfb8 17. Qd2 Rxb2 18. Qxb2 Rxb2 19. Rxb2 Bxc3 20. Rxc3 Ngf6
21. Nd2 Qa5 22. Rc1 Qa4 23. Re1 Kg7 24. Kg2 h6 25. h4 Nh5 26. Be3 f5 27. f3
Nhf6 28. Bf4 Qa6 29. Re3 Nf8 30. Nb3 Qa3 31. Rc2 Qa4 32. exf5 Nxd5 33. Re4 Qa7
34. fxg6 Nxg6 35. Bd2 Nf6 36. Re1 e5 37. Na5 Qb8 38. Nc4 Qc7 39. Rb1 d5 40. Ne3
Kh7 41. Rcb2 Qf7 42. Rb7 Ne7 43. Nf5 Nfg8 44. g4 d4 45. Kg1 Qxa2 46. Nxe7 Qxd2
47. Nxg8+ Kh8 48. Nxh6 Qe3+ 49. Kg2 e4 50. Nf7+ Kg8 51. Ng5 exf3+ 52. Kh1 f2
53. Rb8+ Kg7 54. R1b7+ Kf6 55. Rf7+ Ke5 56. Re8+ Kd5 57. Rxe3 dxe3 58. Kg2 c4
59. h5 Kd6 60. h6 c3 61. Ne4+ Ke6 62. Rc7 Ke5 63. h7 Kxe4 64. h8=Q e2 65. Rc4+
Kd5 66. Qd4+ Ke6 67. Rc6+ Ke7 68. Qf6+ Ke8 69. Re6+ Kd7 70. Re7+ Kc8 71. Qf8# {
Hossa checkmated} 1-0

[Event "ICS rated blitz match"]
[Site "204.178.125.65"]
[Date "2000.09.24"]
[Round "?"]
[White "PostModernist"]
[Black "Hossa"]
[Result "1/2-1/2"]
[WhiteElo "2711"]
[BlackElo "2570"]
[PlyCount "109"]
[EventDate "2000.??.??"]

1. d4 d5 2. Nf3 Nf6 3. e3 e6 4. Bd3 c5 5. c3 Be7 6. Nbd2 Nc6 7. O-O O-O 8. dxc5
Bxc5 9. e4 Bb6 10. exd5 exd5 11. Nb3 Bg4 12. Bg5 h6 13. Bh4 Re8 14. h3 Bxf3 15.
Qxf3 Ne5 16. Qf5 Nxd3 17. Qxd3 Re5 18. Qf3 Qe7 19. Bxf6 Qxf6 20. Qxf6 gxf6 21.
a4 Re2 22. Rab1 Rae8 23. a5 Bc7 24. g4 R2e5 25. Nc5 f5 26. Nd7 R5e6 27. gxf5
Rd6 28. Nc5 Rc6 29. Nxb7 a6 30. b4 Rxc3 31. Rfe1 Rb8 32. Nc5 Ra8 33. Rb3 Rc4
34. Nd7 Rd8 35. Nf6+ Kf8 36. b5 Bxa5 37. Ra1 Bc3 38. Rxa6 Bd4 39. Rc6 Be5 40.
Ng4 Rxc6 41. bxc6 Bf4 42. Rb4 d4 43. Kg2 Kg7 44. f3 h5 45. Nf2 Kf6 46. Rb5 d3
47. Ne4+ Kg7 48. Rb1 Rc8 49. Rd1 Rxc6 50. Rxd3 Rc2+ 51. Kg1 Rc1+ 52. Kg2 Rc2+
53. Kg1 Rc1+ 54. Kg2 Rc2+ 55. Kg1 {Game drawn by repetition} 1/2-1/2

[Event "ICS rated blitz match"]
[Site "204.178.125.65"]
[Date "2000.09.24"]
[Round "?"]
[White "Hossa"]
[Black "Varguz"]
[Result "0-1"]
[WhiteElo "2576"]
[BlackElo "2810"]
[PlyCount "122"]
[EventDate "2000.??.??"]

1. e4 c6 2. d4 d5 3. Nc3 dxe4 4. Nxe4 Bf5 5. Ng3 Bg6 6. h4 h6 7. Nf3 Nd7 8. h5
Bh7 9. Bd3 Bxd3 10. Qxd3 Qc7 11. Bd2 e6 12. O-O-O Ngf6 13. Ne4 O-O-O 14. g3
Nxe4 15. Qxe4 Bd6 16. c4 c5 17. Bc3 cxd4 18. Bxd4 Nf6 19. Qe2 Qa5 20. Kb1 Qf5+
21. Ka1 Bb8 22. Bxf6 gxf6 23. Nd4 Qe5 24. Qxe5 fxe5 25. Nc2 e4 26. Ne3 Be5 27.
Kb1 Rd3 28. Ng4 Bg7 29. Kc2 Rhd8 30. Ne3 f5 31. Rhg1 Bf8 32. a3 Bg7 33. Kc1 Kc7
34. Rgf1 Be5 35. Rde1 Rb3 36. Re2 Rdd3 37. Rfe1 Bd4 38. Ng2 Rf3 39. Rf1 e3 40.
Nf4 e5 41. Ne6+ Kc6 42. Nd8+ Kd7 43. Nf7 Rxf2 44. Rfe1 f4 45. gxf4 exf4 46.
Rxf2 exf2 47. Rd1 Ke6 48. Nxh6 Rg3 49. Kc2 Rg1 50. Rxd4 f1=Q 51. Kb3 Qe2 52.
Nf5 Kxf5 53. Ka4 Qxb2 54. Rd5+ Ke6 55. Rb5 Qc2+ 56. Ka5 Qc3+ 57. Ka4 Qxc4+ 58.
Rb4 Qc6+ 59. Kb3 Rb1+ 60. Ka2 Qc2+ 61. Rb2 Qxb2# {Hossa checkmated} 0-1

[Event "ICS rated blitz match"]
[Site "204.178.125.65"]
[Date "2000.09.24"]
[Round "?"]
[White "Varguz"]
[Black "Hossa"]
[Result "1-0"]
[WhiteElo "2817"]
[BlackElo "2569"]
[PlyCount "54"]
[EventDate "2000.??.??"]

1. e4 e5 2. Bc4 Nf6 3. d3 Nc6 4. Nf3 Bc5 5. Nc3 d6 6. Bg5 h6 7. Bxf6 Qxf6 8.
Nd5 Qd8 9. c3 Ne7 10. d4 Nxd5 11. dxc5 Nf6 12. cxd6 Qxd6 13. O-O Qxd1 14. Rfxd1
Bg4 15. Nxe5 Bxd1 16. Bxf7+ Ke7 17. Rxd1 Nxe4 18. Rd7+ Kf6 19. Ng4+ Kf5 20.
Rd5+ Kxg4 21. Be6+ Kf4 22. Rf5+ Kg4 23. f3+ Kh4 24. fxe4 Rhd8 25. g3+ Kg4 26.
Kg2 Rd2+ 27. Rf2+ Kg5 {Hossa resigns} 1-0

[Event "ICS rated blitz match"]
[Site "204.178.125.65"]
[Date "2000.09.24"]
[Round "?"]
[White "PostModernist"]
[Black "Hossa"]
[Result "1-0"]
[WhiteElo "2710"]
[BlackElo "2563"]
[PlyCount "101"]
[EventDate "2000.??.??"]

1. e4 e5 2. Bc4 Nf6 3. d3 Bc5 4. Nc3 Nc6 5. Nf3 O-O 6. O-O d6 7. h3 Na5 8. Bb3
Nxb3 9. axb3 c6 10. Na4 Bb4 11. Bd2 c5 12. Bg5 Kh8 13. Bxf6 gxf6 14. Nh4 Rg8
15. Qf3 Bd2 16. Nc3 Be6 17. Rfd1 Bf4 18. Ne2 Bg5 19. Nf5 Bxf5 20. Qxf5 a6 21.
Nc3 Qc8 22. Qf3 Qf8 23. Nd5 Rg6 24. Ra4 Re8 25. b4 Qh6 26. bxc5 dxc5 27. b4
cxb4 28. Rxb4 b5 29. c4 Bd2 30. Rb2 Bc1 31. Rb1 Ba3 32. cxb5 axb5 33. Rxb5 Reg8
34. Ne3 Qf8 35. Ng4 Qe7 36. d4 Bd6 37. d5 Qd7 38. Rdb1 Qc8 39. Rb7 Qc2 40. R1b6
f5 41. Qxf5 Qd1+ 42. Kh2 Qd4 43. Rxd6 Rxd6 44. Nf6 Qxe4 45. Nxe4 Rdg6 46. Qxe5+
R6g7 47. Ng5 Rc8 48. Nxf7+ Kg8 49. Nh6+ Kf8 50. Qxg7+ Ke8 51. Qh8# {
Hossa checkmated} 1-0

[Event "ICS rated blitz match"]
[Site "204.178.125.65"]
[Date "2000.09.24"]
[Round "?"]
[White "Hossa"]
[Black "PostModernist"]
[Result "1-0"]
[WhiteElo "2553"]
[BlackElo "2720"]
[PlyCount "75"]
[EventDate "2000.??.??"]

1. d4 Nf6 2. c4 c5 3. d5 g6 4. Nc3 Bg7 5. e4 d6 6. f4 e6 7. Nf3 exd5 8. cxd5
Nbd7 9. Bd3 O-O 10. O-O a6 11. e5 Ng4 12. h3 Nh6 13. Ne4 dxe5 14. fxe5 Nf5 15.
Bf4 Nd4 16. Ned2 f6 17. Nxd4 cxd4 18. e6 Ne5 19. Bc4 Kh8 20. Bb3 d3 21. Nf3 a5
22. a4 b5 23. axb5 a4 24. Rf2 axb3 25. Rxa8 Qxd5 26. Nxe5 Qxa8 27. e7 Bf5 28.
exf8=R+ Bxf8 29. Nf7+ Kg8 30. Qxb3 Bc5 31. Nh6+ Kh8 32. Bg5 Bd4 33. Qb4 Be5 34.
Qe7 Qa1+ 35. Rf1 Qa7+ 36. Qxa7 fxg5 37. Qf7 Bd4+ 38. Kh1 {PostModernist resigns
} 1-0

[Event "ICS rated blitz match"]
[Site "204.178.125.65"]
[Date "2000.09.24"]
[Round "?"]
[White "Hossa"]
[Black "Athlon900"]
[Result "1-0"]
[WhiteElo "2576"]
[BlackElo "2716"]
[PlyCount "277"]
[EventDate "2000.??.??"]

1. d4 Nf6 2. c4 e6 3. Nf3 d5 4. Nc3 Bb4 5. Qa4+ Nc6 6. a3 Bxc3+ 7. bxc3 Ne4 8.
Qc2 f5 9. cxd5 Qxd5 10. e3 O-O 11. Be2 b6 12. O-O Bb7 13. a4 Rae8 14. Ba3 Rf6
15. Bb5 Nd6 16. c4 Qe4 17. Qxe4 fxe4 18. Bxc6 Bxc6 19. Ne5 Bb7 20. a5 Nf7 21.
a6 Ba8 22. Nxf7 Kxf7 23. Rfe1 Bc6 24. Bb4 Rd8 25. Re2 Rg6 26. Kf1 Kf6 27. h3
Rg5 28. Rc2 Rd7 29. Rb1 Rf7 30. Bc3 Kg6 31. Ra2 Bd7 32. Bb4 Bc6 33. Rab2 Bd7
34. Rc1 h6 35. Rcb1 h5 36. Rd1 h4 37. Rdb1 Kf6 38. Bc3 Kg6 39. Rc2 c6 40. Ra2
Bc8 41. Bb4 Rd7 42. Rd1 Rf7 43. Rda1 Rg3 44. Ra3 Rg5 45. Bd6 Rgf5 46. R3a2 Bd7
47. Rc2 Bc8 48. Be5 Rg5 49. Raa2 Rf8 50. Ra3 Rf7 51. Rca2 Kh7 52. Rb3 Rgf5 53.
Rb1 Kg8 54. Re1 Kf8 55. Rc1 Ke7 56. Rb1 g6 57. Rb3 g5 58. Rba3 Kd7 59. Rd2 Ke7
60. Rb2 Kd7 61. Ra1 Ke7 62. Rd2 Rf8 63. Rc2 R8f7 64. Bc7 Ke8 65. Bxb6 axb6 66.
a7 Bb7 67. a8=Q+ Bxa8 68. Rxa8+ Kd7 69. Ra6 e5 70. Rxb6 exd4 71. exd4 Rf8 72.
Rb7+ Ke6 73. Re2 Kd6 74. Ke1 Ra5 75. Rb1 Ra4 76. Rc1 Rf4 77. Rec2 g4 78. hxg4
Rxg4 79. Kf1 Ra7 80. Re1 Rag7 81. Rc3 Rxg2 82. Rxe4 R7g4 83. Rce3 Rg1+ 84. Ke2
Rxe4 85. Rxe4 Rh1 86. Rg4 Kd7 87. Kf3 Rh2 88. Rg7+ Kd6 89. Rg6+ Kd7 90. c5 Kc7
91. Rg2 Rh3+ 92. Ke4 Kb7 93. Rg7+ Ka6 94. Rg1 Kb5 95. Rf1 Rb3 96. f4 Rg3 97.
Rb1+ Kc4 98. Rc1+ Kb5 99. Rh1 h3 100. f5 Kc4 101. f6 Rg4+ 102. Kf5 Rg3 103. f7
Rf3+ 104. Ke6 Re3+ 105. Kf6 Rf3+ 106. Ke7 Re3+ 107. Kd6 Rf3 108. Rc1+ Kxd4 109.
Ke7 Re3+ 110. Kd7 Rf3 111. Ke6 Re3+ 112. Kf6 Rf3+ 113. Kg7 Rg3+ 114. Kf8 h2
115. Rh1 Rg2 116. Ke8 Re2+ 117. Kd7 Rf2 118. Rxh2 Rxf7+ 119. Kxc6 Rf8 120. Rh5
Rf2 121. Kc7 Ke3 122. c6 Rb2 123. Kc8 Kf3 124. c7 Rc2 125. Kd7 Kf4 126. Kd6
Rxc7 127. Kxc7 Ke3 128. Kd6 Ke4 129. Rd5 Kf4 130. Re5 Kf3 131. Ke6 Kg4 132. Rf5
Kg3 133. Kf6 Kg4 134. Kg6 Kh4 135. Rg5 Kh3 136. Kh5 Kh2 137. Kh4 Kh1 138. Kg3
Kg1 139. Rf5 {Athlon900 resigns} 1-0

[Event "ICS Rated blitz match"]
[Site "164.58.253.13"]
[Date "2000.09.24"]
[Round "?"]
[White "Hossa"]
[Black "diep"]
[Result "1/2-1/2"]
[WhiteElo "2066"]
[BlackElo "2330"]
[PlyCount "249"]
[EventDate "2000.??.??"]

1. d4 Nf6 2. c4 g6 3. Nc3 d5 4. Qb3 dxc4 5. Qxc4 Bg7 6. e4 O-O 7. Nf3 a6 8. Bd3
Nc6 9. O-O Bg4 10. e5 Be6 11. Qa4 Nd5 12. Be2 Qd7 13. Qd1 f6 14. exf6 exf6 15.
Bc4 Rfe8 16. Re1 Bf7 17. Nxd5 Bxd5 18. Rxe8+ Rxe8 19. Qb3 Bxc4 20. Qxc4+ Qf7
21. Qxf7+ Kxf7 22. Bf4 Re2 23. Bxc7 Rxb2 24. d5 Ne5 25. Bxe5 fxe5 26. Ng5+ Ke7
27. Ne4 b5 28. h4 Re2 29. f3 Bh6 30. a3 Rc2 31. Kh2 Bf4+ 32. Ng3 Rc1 33. Ra2
Kd6 34. h5 Kxd5 35. Kh3 Kc4 36. Rb2 Kc3 37. Rb4 Kd3 38. hxg6 hxg6 39. Ne4 Rc4
40. Rb2 Bc1 41. Nf2+ Ke3 42. Ng4+ Kf4 43. g3+ Kf5 44. Rb3 Ke6 45. Ne3 Rc6 46.
Kg2 Rd6 47. Kg1 Rd4 48. Rc3 Bd2 49. Rb3 Ba5 50. Kg2 Bc7 51. Kh3 e4 52. fxe4
Rxe4 53. Kg2 Bd6 54. Kf3 Rd4 55. Nc2 Rc4 56. Ne3 Rc1 57. g4 Ke5 58. Rd3 Bc5 59.
Rd5+ Ke6 60. Rd3 Ra1 61. Rc3 Bd6 62. Nc2 Rg1 63. Ne3 Kd7 64. Rd3 Ra1 65. Nc2
Rf1+ 66. Ke3 Rg1 67. Rd4 Rg3+ 68. Kd2 Ke6 69. Re4+ Kf6 70. a4 Kg5 71. axb5 axb5
72. Nd4 b4 73. Ne6+ Kh4 74. g5+ Rg4 75. Re1 Rg2+ 76. Ke3 b3 77. Kf3 Rg3+ 78.
Ke4 b2 79. Rb1 Rg2 80. Kf3 Rc2 81. Rh1+ Rh2 82. Rg1 Rh3+ 83. Ke4 Rc3 84. Rh1+
Kg4 85. Rb1 Ba3 86. Rg1+ Kh4 87. Nf4 Rc1 88. Nxg6+ Kh3 89. Nf4+ Kh2 90. Rg2+
Kh1 91. Rxb2 Bxb2 92. Nd3 Rc4+ 93. Kf5 Ba1 94. Nf4 Kh2 95. g6 Kg3 96. Nd5 Rc2
97. Ke6 Kh4 98. Kf5 Rf2+ 99. Ke4 Kg5 100. Kd3 Kxg6 101. Ke4 Ra2 102. Kd3 Kf5
103. Ne3+ Kf4 104. Nc4 Ra6 105. Nd2 Rd6+ 106. Kc2 Rc6+ 107. Kd3 Bc3 108. Nb3
Bf6 109. Nd2 Rc3+ 110. Ke2 Be7 111. Nb1 Re3+ 112. Kd2 Bb4+ 113. Kc2 Re2+ 114.
Kb3 Rf2 115. Kc4 Rf1 116. Kxb4 Rxb1+ 117. Kc4 Rc1+ 118. Kd4 Rd1+ 119. Kc5 Rc1+
120. Kd4 Rc2 121. Kd5 Rd2+ 122. Kc6 Rc2+ 123. Kd5 Re2 124. Kc5 Rc2+ 125. Kd5 {
Game drawn by repetition} 1/2-1/2

[Event "ICS rated blitz match"]
[Site "204.178.125.65"]
[Date "2000.09.24"]
[Round "?"]
[White "PostModernist"]
[Black "Hossa"]
[Result "1-0"]
[WhiteElo "2720"]
[BlackElo "2590"]
[PlyCount "107"]
[EventDate "2000.??.??"]

1. e4 e5 2. Bc4 Nc6 3. Nf3 Nf6 4. d3 d5 5. exd5 Nxd5 6. Nc3 Bb4 7. Bd2 Be6 8.
Bb5 f6 9. Bxc6+ bxc6 10. O-O Rb8 11. Na4 Bd6 12. c4 Nb4 13. Be3 Bf5 14. Ne1 Rb7
15. a3 Na6 16. b4 O-O 17. Qf3 Qd7 18. b5 e4 19. dxe4 Bg4 20. bxc6 Qe6 21. cxb7
Bxf3 22. Nxf3 Qxc4 23. Nb2 Qxe4 24. Bxa7 Qxb7 25. Bd4 c5 26. Bc3 Qb3 27. Nd1
Rc8 28. Re1 Qc4 29. Re3 Nc7 30. Nb2 Qg4 31. Rd1 Nb5 32. h3 Qf4 33. Bd2 Qf5 34.
a4 Na7 35. Rd3 Be7 36. a5 Nc6 37. Bc3 Ra8 38. Re3 Rb8 39. Rde1 Qc2 40. R1e2 Qg6
41. Re6 Rxb2 42. Rxb2 Qe8 43. a6 Kf7 44. Re1 Qa8 45. Rb6 Nd8 46. Nd2 Nc6 47. f3
g5 48. Nc4 Bd8 49. Nd6+ Kg6 50. Re8 c4 51. Rg8+ Kh5 52. g4+ Kh4 53. Kg2 Ne7 54.
Be1# {Hossa checkmated} 1-0

[Event "ICS rated blitz match"]
[Site "204.178.125.65"]
[Date "2000.09.24"]
[Round "?"]
[White "Hossa"]
[Black "Varguz"]
[Result "1-0"]
[WhiteElo "2580"]
[BlackElo "2811"]
[PlyCount "112"]
[EventDate "2000.??.??"]

1. d4 Nf6 2. c4 c5 3. d5 e6 4. Nc3 exd5 5. cxd5 d6 6. e4 g6 7. f4 Bg7 8. Bb5+
Nfd7 9. a4 O-O 10. Nf3 Na6 11. O-O Nc7 12. Bd3 a6 13. Re1 Re8 14. Be3 Nf6 15.
Bf2 Bh6 16. Qd2 Bg4 17. Ng5 Nh5 18. Be3 Bxg5 19. fxg5 Qe7 20. Qf2 b6 21. Qh4
Bc8 22. Be2 Ng7 23. Bf2 a5 24. Qh6 Ba6 25. Bg4 Bc8 26. Bf3 Na6 27. Be2 Nb4 28.
Rf1 Ba6 29. Bxa6 Rxa6 30. Rad1 Raa8 31. g4 Rad8 32. Bg3 Qd7 33. h3 Rf8 34. e5
Ne8 35. exd6 f5 36. gxf6 Rxf6 37. Bh4 Rxf1+ 38. Rxf1 Nxd6 39. Bxd8 Qxd8 40. Qe3
Nc2 41. Qe6+ Kh8 42. Qf6+ Qxf6 43. Rxf6 Nc4 44. d6 Ne5 45. Re6 Nd4 46. Re8+ Kg7
47. d7 Nf7 48. d8=R Nxd8 49. Rxd8 Kf7 50. Rd7+ Ke6 51. Rxh7 Nf3+ 52. Kg2 Ne5
53. Rb7 Nd7 54. h4 Ne5 55. Rxb6+ Ke7 56. Rb5 Nxg4 {Varguz resigns} 1-0

[Event "ICS rated blitz match"]
[Site "204.178.125.65"]
[Date "2000.09.24"]
[Round "?"]
[White "Varguz"]
[Black "Hossa"]
[Result "1-0"]
[WhiteElo "2786"]
[BlackElo "2605"]
[PlyCount "44"]
[EventDate "2000.??.??"]

1. c4 e5 2. Nc3 Nf6 3. Nf3 Nc6 4. g3 Bb4 5. Bg2 O-O 6. O-O e4 7. Ng5 Bxc3 8.
bxc3 Re8 9. f3 exf3 10. Nxf3 d5 11. d4 Ne4 12. Qc2 dxc4 13. Rb1 f5 14. g4 fxg4
15. Ne5 Nxe5 16. Bxe4 Ng6 17. Bxg6 hxg6 18. Qxg6 Rxe2 19. Qf7+ Kh8 20. Rb5 Rxh2
21. Rg5 Qxg5 22. Bxg5 Rh3 {Hossa resigns} 1-0

[Event "ICS rated blitz match"]
[Site "204.178.125.65"]
[Date "2000.09.24"]
[Round "?"]
[White "Hossa"]
[Black "Varguz"]
[Result "0-1"]
[WhiteElo "2597"]
[BlackElo "2794"]
[PlyCount "82"]
[EventDate "2000.??.??"]

1. d4 Nf6 2. c4 g6 3. Nc3 Bg7 4. Nf3 O-O 5. e4 d6 6. Be2 e5 7. Be3 Ng4 8. Bg5
f6 9. Bc1 Nd7 10. h3 Nh6 11. O-O exd4 12. Nxd4 Ne5 13. Be3 Bd7 14. Qb3 c5 15.
Ndb5 Bxb5 16. Qxb5 Qb8 17. Nd5 f5 18. Bxh6 Bxh6 19. exf5 gxf5 20. Rfe1 f4 21.
Qb3 Bg7 22. Rad1 Kh8 23. Bg4 Nxg4 24. hxg4 Be5 25. Rd2 Rg8 26. Ne7 Rxg4 27. Qh3
Rg5 28. Qh4 Rg7 29. Nf5 Rf7 30. Qh5 Rf6 31. Ne7 f3 32. Nd5 Qg8 33. Qh3 Rff8 34.
g3 Rae8 35. Red1 Bd4 36. Kf1 Re2 37. Qh6 Bxb2 38. Qxd6 Bd4 39. Qh6 Rfe8 40. Qh4
Qe6 41. Ne7 Rxe7 {Hossa resigns} 0-1